[Event "HCL-M903"]
[Site "www.playchess.de"]
[Date "2006.03.31"]
[Round "4"]
[White "ZorMaster"]
[Black "Eyechess"]
[WhiteElo "1830"]
[BlackElo "2059"]
[PlyCount "60"]
[Result "1/2-1/2"]

1.e4 {gl again}  g6 2.h4 {i forgot, you were the 
usa jerk :)}  d5 {We are playing 2 nice games now. 
 I am sorry that you think me a jerk.}  3.h5 {a 
guy who doesn't reply a friendly messages is in my 
 eyes.}  dxe4 {I was busy and overlooked the 
message.  Does this mean capitol punishment for 
me?}  4.hxg6 {Not as long you can see my 
politeness but even when i am busy, and i am quite 
 often :P) i can write a small messages back, 
lol
Peace...}  fxg6 {i agree with you.  I usually do 
also.  In that one case I missed.  Sorry.}  5.d4 
{accepted, glad we are back in good speaking terms 
;)}  e5 6.Nc3 Nc6 7.d5 Nd4 8.Be3 Bg7 9.Qd2 Nf6 
10.O-O-O O-O 11.Bc4 Bg4 12.Re1 a6 13.Bxd4 exd4 
14.Nxe4 b5 15.Bb3 Kh8 16.Ng5 a5 17.d6 Qxd6 18.f3 
Bd7 19.Ne2 a4 20.Nf7+ Rxf7 21.Bxf7 a3 22.b4 d3 
23.Nf4 Nh5 {This looks dangerous for me.}  24.Nxh5 
{Well i hope to get my  revenge in this match :P) 
Doesn't look bad for me i guess.}  gxh5 25.Rxh5 
Rf8 26.Bb3 Be8 27.Rh3 Bg6 28.cxd3 {you are 
escaping with a real  miracle and i feel miserable 
to see the change in our game, good job.}  Qd4 {I 
do not know.  I am simply trying different attacks 
with what I have left.  You must still be 
winning.}  29.Kd1 {Well i am not happy with my 
position right now.}  Qa1+ 30.Qc1 Qd4 {(offering 
draw) While I like my bishops better than your 
rooks, I do not think I am winning.} 
 1/2-1/2

[Event "HCL-E1573"]
[Site "www.playchess.de"]
[Date "2006.03.31"]
[Round "10"]
[White "ippuli"]
[Black "ABE"]
[WhiteElo "1608"]
[BlackElo "1638"]
[PlyCount "65"]
[Result "1/2-1/2"]

1.e4 {Hello!! Good luck...}  c5 2.d4 d6 3.Nf3 Bg4 
4.Bd3 Nc6 5.d5 Ne5 6.Bb5+ Nd7 7.O-O Ngf6 8.Re1 a6 
9.Bxd7+ Qxd7 10.Qd3 e5 11.dxe6 Bxe6 12.Bg5 Be7 
13.Nc3 O-O 14.Bxf6 Bxf6 15.Nd5 Bxd5 16.Qxd5 Rad8 
17.Rad1 Qe7 18.Qb3 b5 19.Qa3 b4 20.Qxa6 Bxb2 
21.Nd2 Rda8 22.Qc4 Bc3 23.Re3 Bd4 24.Rg3 Qe6 
25.Qxe6 fxe6 26.Nf3 Rxa2 27.Nxd4 cxd4 28.h3 Rxc2 
29.Rxd4 Rfxf2 30.Rxd6 Rfd2 31.Rxe6 Rc3 32.Rxc3 
bxc3 33.Rc6 {(offering draw)}  1/2-1/2

[Event "HCL-E1519"]
[Site "www.playchess.de"]
[Date "2006.03.31"]
[Round "4"]
[White "Glomp"]
[Black "carlosmadeira"]
[WhiteElo "1605"]
[BlackElo "1536"]
[PlyCount "112"]
[Result "0-1"]

1.e4 e5 2.Nf3 Nc6 3.Bc4 Bc5 4.c3 Nf6 5.b4 Bxf2+ 
6.Kxf2 Nxe4+ 7.Kf1 d5 8.Bb5 Qf6 9.d3 O-O 10.Qe2 
Nd6 11.Bxc6 bxc6 12.Qxe5 Qxe5 13.Nxe5 Bb7 14.Bf4 
a5 15.Nd2 axb4 16.cxb4 f6 17.Nef3 Ra3 18.Nb3 Rfa8 
19.Na5 Ba6 20.Kf2 Bxd3 21.Nxc6 Ne4+ 22.Kg1 R3xa2 
23.Rxa2 Rxa2 24.h3 Nf2 25.Rh2 Ne4 26.Rh1 Nf2 
27.Ne7+ Kf7 28.Nxd5 Nxh1 29.Kxh1 c6 30.Nc3 Rc2 
31.Nd1 Be2 32.Ne3 Rb2 33.Bd6 Bxf3 34.gxf3 Rb3 
35.Bc5 Ke6 36.Kg2 h5 37.Kg3 g6 38.Nc2 Rd3 39.Nd4+ 
Kd5 40.Ne2 g5 41.Ng1 Ke5 42.Kf2 f5 43.Ke2 Rb3 
44.Kf2 g4 45.fxg4 hxg4 46.hxg4 fxg4 47.Ne2 Rf3+ 
48.Kg2 Rd3 49.Ng1 Rd2+ 50.Kg3 Kf5 51.Be3 Rd3 
52.Kf2 Rb3 53.Bc5 g3+ 54.Kg2 Kg4 55.Bd6 Rb2+ 
56.Kh1 Rh2+ 0-1

[Event "HCL-B3942"]
[Site "www.playchess.de"]
[Date "2006.03.31"]
[Round "4"]
[White "Erbse"]
[Black "patzer55"]
[WhiteElo "866"]
[BlackElo "1456"]
[PlyCount "103"]
[Result "1/2-1/2"]

1.e4 {hallo}  e5 {hallo}  2.d4 exd4 3.Qxd4 Nc6 
4.Qd5 Nf6 5.Bg5 Nxd5 6.Bxd8 Kxd8 7.exd5 Nb4 8.Na3 
Nxd5 9.O-O-O Nb6 10.Nc4 Nxc4 11.Bxc4 f6 12.Nf3 Bc5 
13.Rd2 d6 14.Re1 Bxf2 15.Rxf2 {?}  Bf5 16.Nd4 Bd7 
17.Ne6+ Bxe6 18.Bxe6 Re8 19.Rfe2 a5 20.Bf7 Rxe2 
21.Rxe2 Kd7 22.c4 c6 23.a4 Rd8 24.Kc2 Kc7 25.Kc3 
g6 26.b4 axb4+ 27.Kxb4 b6 28.a5 bxa5+ 29.Kxa5 Ra8+ 
30.Kb4 c5+ 31.Kc3 Kd7 32.Kd3 f5 33.Be6+ Kc7 34.g4 
Ra3+ 35.Kd2 f4 36.Rf2 g5 37.Bd5 Kd7 38.Rf3 Ra2+ 
39.Ke1 Rxh2 40.Rf2 Rh4 41.Bf3 Rh6 42.Rf1 Re6+ 
43.Kf2 Re3 44.Rh1 Re7 45.Bd5 Rg7 46.Kf3 Ke7 47.Be4 
Ke6 48.Rxh7 Rxh7 49.Bxh7 Ke5 50.Be4 Kd4 51.Bd5 Kd3 
52.Kf2 {(offering draw)}  1/2-1/2

[Event "HCL-B3978"]
[Site "www.playchess.de"]
[Date "2006.03.31"]
[Round "10"]
[White "hal1958"]
[Black "chn"]
[WhiteElo "1435"]
[BlackElo "1119"]
[PlyCount "44"]
[Result "1-0"]

1.b4 e5 2.Bb2 Bxb4 3.Bxe5 Qg5 4.Nf3 Qg6 5.e3 Qb6 
6.Bxg7 Be7 7.Bxh8 Bf6 8.Bxf6 Nxf6 9.Nc3 Qa5 10.Be2 
h6 11.O-O c6 12.Qb1 b5 13.a3 d5 14.h3 Ne4 15.Nxe4 
dxe4 16.Nd4 Qxd2 17.Qb4 Qxb4 18.axb4 Nd7 19.Nxc6 
Nf6 20.Rxa7 Rxa7 21.Nxa7 Bd7 22.Bxb5 
Bxb5 1-0

[Event "HCL-T275"]
[Site "www.playchess.de"]
[Date "2006.03.31"]
[Round "6"]
[White "richard"]
[Black "Concrete_Pluto"]
[WhiteElo "1959"]
[BlackElo "1149"]
[PlyCount "23"]
[Result "1-0"]

1.e4 e6 2.d4 d5 3.Nc3 Bb4 4.e5 g5 5.Qh5 Bxc3+ 
6.bxc3 Qd7 7.Nf3 Qa4 8.Nxg5 Qxc2 9.Qxf7+ Kd8 
10.Nxe6+ Bxe6 11.Bg5+ Kc8 12.Qe8+ 1-0

[Event "HCL-A2683"]
[Site "www.playchess.de"]
[Date "2006.03.31"]
[Round "1"]
[White "shadow_cup"]
[Black "mrchess"]
[WhiteElo "1400"]
[BlackElo "1454"]
[PlyCount "65"]
[Result "1-0"]

1.e3 {hello again - have a good game :)}  e5 
{thanks you too}  2.Nf3 Nc6 3.Bb5 d6 4.d4 Bd7 5.d5 
Nce7 6.Bxd7+ Qxd7 7.O-O Nf6 8.c4 g6 9.Nc3 Qg4 
10.Qe2 a6 11.e4 h5 12.h3 Qd7 13.Bg5 Nh7 14.b4 Nxg5 
15.Nxg5 Bh6 16.Nf3 O-O-O 17.c5 Rdg8 18.a4 Bf8 
19.c6 Qd8 20.b5 a5 21.cxb7+ Kxb7 22.Ng5 Rg7 
23.Rfc1 Nc8 24.Nf3 f6 25.Nd2 Nb6 26.Nc4 Nxc4 
27.Qxc4 Rf7 28.Qc6+ Kc8 29.b6 Kb8 30.b7 Bh6 31.Nb5 
Bxc1 32.Qa6 c6 33.Qa8+ 1-0

[Event "HCL-A2656"]
[Site "www.playchess.de"]
[Date "2006.03.31"]
[Round "8"]
[White "GED"]
[Black "Matu"]
[WhiteElo "1440"]
[BlackElo "1593"]
[PlyCount "68"]
[Result "0-1"]

1.e4 c6 2.d4 d5 3.Nc3 dxe4 4.Nxe4 Nf6 5.Nxf6+ exf6 
6.Nf3 Bg4 7.Be2 Bd6 8.O-O O-O 9.c4 c5 10.Be3 cxd4 
11.Qxd4 Bxf3 12.Bxf3 Qc7 13.h3 Rd8 14.Qc3 Be5 
15.Qb3 Nc6 16.Bd5 Rab8 17.Rad1 b6 18.Rd2 Na5 
19.Qc2 Nc6 20.a3 Ne7 21.Be4 Rxd2 22.Qxd2 f5 23.Bd5 
Nxd5 24.cxd5 Rd8 25.f4 Bd6 26.Rc1 Qe7 27.Rc3 g6 
28.Qc1 Qe4 29.Qd2 b5 30.Bxa7 Bxf4 31.Qd3 Rxd5 
32.Qxe4 fxe4 33.Rc8+ Kg7 34.Re8 
f5 0-1

[Event "HCL-B3603"]
[Site "www.playchess.de"]
[Date "2006.03.31"]
[Round "13"]
[White "peta"]
[Black "robert66"]
[WhiteElo "1391"]
[BlackElo "1458"]
[PlyCount "209"]
[Result "1/2-1/2"]

1.e4 e5 2.Nf3 Nc6 3.Bb5 a6 4.Bxc6 dxc6 5.Nc3 Bb4 
6.O-O Bxc3 7.dxc3 Qxd1 8.Rxd1 Nf6 9.Nd2 O-O 10.h3 
Be6 11.Nf3 Rad8 12.Re1 Nd7 13.Bg5 f6 14.Bh4 g5 
15.Bg3 b5 16.b3 h5 17.Ref1 Nc5 18.Rae1 a5 19.h4 g4 
20.Nh2 Rfe8 21.f3 gxf3 {De que localidad eres, 
paisano? Yo de Barcelona ciudad.}  22.Rxf3 Kg7 
23.Bf2 {yo de Gijon,tambien con playa}  Na6 {Me 
alegro asturiano, somos gente de mar, encantado de 
conocerte. Me llamo Robert y tengo 39 tacos.}  
24.Rf1 {igualmente,yo me llamo Hugo y tengo 27}  
Ref8 25.Be3 Bc8 26.R1f2 Rd1+ 27.Nf1 Bg4 28.Rg3 c5 
29.Kh2 c4 30.Ba7 cxb3 31.cxb3 c5 32.Ne3 Rd7 
33.Nxg4 hxg4 34.Rxg4+ Kh6 35.Bb6 Rd3 36.h5 Rxc3 
37.Rg6+ Kxh5 38.Rgxf6 Rxf6 39.Rxf6 Nb4 40.Bxa5 Rc2 
41.Bxb4 cxb4 42.Rf5+ Kg4 43.Rxe5 Rxa2 44.Rxb5 Re2 
45.Rxb4 Kf4 46.Rc4 Rb2 47.b4 Rb3 48.g3+ Kg4 49.e5+ 
Kf5 50.Kh3 Kxe5 51.Rf4 Ke6 52.Kh4 Ke5 53.Rf1 Rxb4+ 
54.g4 Re4 55.Kh5 Re2 56.g5 Rh2+ 57.Kg6 Ke6 58.Kg7 
Rg2 59.g6 Ke7 60.Kh7 Rh2+ 61.Kg8 Rg2 62.g7 Rh2 
63.Re1+ Kd7 64.Ra1 Ke7 65.Ra5 Rh3 66.Re5+ Kd6 
67.Kf8 Rf3+ 68.Ke8 Kxe5 69.g8Q Rd3 70.Qg4 Rd4 
71.Qg7+ Kd5 72.Qf7+ Ke5 73.Ke7 Rd3 74.Qf6+ Kd5 
75.Qf5+ Kd4 76.Ke6 Kc4 77.Qe5 Rd4 78.Kf6 Kd3 
79.Qf5+ Re4 80.Qb5+ Ke3 81.Kf5 Rf4+ 82.Ke5 Re4+ 
83.Kd5 Rd4+ 84.Ke5 Re4+ 85.Kf5 Rf4+ 86.Kg5 Rd4 
87.Kf5 Rf4+ 88.Kg5 Rd4 89.Qc5 Kd3 90.Kf5 Rc4 
91.Qb5 Kc3 92.Ke5 Rb4 93.Qa5 Kc4 94.Qd5+ Kc3 
95.Qc5+ Rc4 96.Qa5+ Kd3 97.Qb5 Kc3 98.Qa5+ Kd3 
99.Qb5 Kc3 100.Kd5 Rd4+ 101.Ke5 Rb4 {(offering 
draw)}  102.Qa5 Kc4 {(offering draw)}  103.Qd5+ 
Kc3 {(offering draw)}  104.Qc5+ Rc4 
105.Qa5+ 1/2-1/2

[Event "HCL-B3902"]
[Site "www.playchess.de"]
[Date "2006.03.31"]
[Round "3"]
[White "dusterstar"]
[Black "nogoodnik"]
[WhiteElo "1500"]
[BlackElo "1200"]
[PlyCount "39"]
[Result "1-0"]

1.e4 e5 {Hi. Good luck.}  2.Nf3 {all the best}  
Nc6 3.Bb5 a6 4.Ba4 b5 5.Bb3 Nf6 6.O-O Bc5 7.c3 O-O 
8.Re1 Ng4 9.d4 exd4 10.cxd4 Bb4 11.Nc3 Re8 12.a3 
d6 13.axb4 Nxb4 14.Bg5 Nf6 15.e5 dxe5 16.Nxe5 Be6 
17.Bxe6 Rxe6 18.Nf3 c5 19.d5 Nbxd5 
20.Rxe6 1-0

[Event "HCL-B3924"]
[Site "www.playchess.de"]
[Date "2006.03.31"]
[Round "3"]
[White "a137"]
[Black "mothball"]
[WhiteElo "731"]
[BlackElo "1267"]
[PlyCount "87"]
[Result "1-0"]

1.e4 {Hello,have interesting game}  c5 2.Nf3 e6 
{have a good game}  3.d4 cxd4 4.Nxd4 Bc5 5.Bb5 a6 
6.Ba4 Nf6 7.Nc3 O-O 8.O-O d5 9.e5 Ne4 10.Nxe4 dxe4 
11.c3 b5 12.Bc2 Bb7 13.Be3 Bxd4 14.Bxd4 Qg5 15.Qe2 
Nc6 16.Bc5 Rfc8 17.Bd6 Nxe5 18.Bxe5 Qxe5 19.f4 
Qc5+ 20.Kh1 e3 21.Rad1 Bd5 22.Bb3 Rcd8 23.Rd3 Bxb3 
24.axb3 Rd5 25.Rxe3 Rad8 26.c4 R5d2 27.Qf3 bxc4 
28.Re5 Qd6 29.Ree1 Qd3 30.Re3 Qxe3 31.Qxe3 R2d1 
32.Kg1 R8d3 33.Rxd1 Rxd1+ 34.Kf2 Rd3 35.Qe4 h6 
36.bxc4 Rd2+ 37.Kg3 Rxb2 38.c5 Rb3+ 39.Kh4 a5 
40.Qa8+ Kh7 41.Qf8 f6 42.c6 Rc3 43.Qd6 Rc2 44.Qd3+ 
{a blunder?}  1-0